000 00337nam a22001217a 4500
008 230620b xxu||||| |||| 00| 0 eng d
082 _a309.167
_bHUN
100 _cGuy Hunter
245 _aThe New Societies of Tropical Africa
_bA selective study
260 _aLondon
_bInstitute of Race relations
_c1962
300 _a376p
942 _2ddc
_cBK
999 _c1447
_d1447